| 000 -NÁVESTIE |
| fixed length control field |
00540nam a2200181 a 4500 |
| 008 - ÚDAJE S PEVNOU DĹŽKOU – VŠEOBECNÉ INFORMÁCIE |
| fixed length control field |
961023s1962 m yCZ 0 cze c |
| 040 ## - ZDROJ KATALOGIZÁCIE |
| Pôvodná katalogizujúca agentúra |
SNK |
| Jazyk katalogizácie |
slo |
| Prepisujúca agentúra |
SNK |
| Konvencie popisu |
AACR2 |
| 041 1# - KÓD JAZYKA |
| Kód jazyka textu/zvukovej stopy alebo samostatných nápisov |
cze |
| 044 ## - KÓD KRAJINY VYDAVATEĽA/PRODUCENTA |
| Kód krajiny MARC |
CZ |
| 080 ## - ČÍSLO MEDZINÁRODNÉHO DESATINNÉHO TRIEDENIA (MDT) |
| Číslo Medzinárodného desatinného triedenia (MDT) |
03=850 |
| 020 ## - MEDZINÁRODNÉ ŠTANDARDNÉ ČÍSLO KNIHY (ISBN) |
| Údaje o dostupnosti |
85 |
| 100 1# - OSOBNÉ MENÁ – VŠEOBECNÉ INFORMÁCIE |
| Osobné meno |
Procházka, Vladimír |
| 245 10 - NÁZOV |
| Názov |
Příruční slovník naučný i.diel |
| Číslo časti diela |
1. díl, A-F |
| 260 ## - VYDAVATEĽSKÉ ÚDAJE, DISTRIBÚCIA ATĎ. |
| Miesto publikovania, distribúcie atď. |
Praha |
| Názov vydavateľa, distibútora atď. |
Československá akademie věd |
| Dátum publikovania, distribúcie atď. |
1962 |
| 300 ## - FYZICKÝ POPIS |
| Rozsah |
xix, 799 s., [60] s. obr., [20] zlož. listov fareb. mp. príl. |
| Rozmery |
25 cm |
| 650 07 - PRIDANÝ VSTUP – PREDMET – TEMATICKÉ HESLO |
| Tematické heslo alebo geografický názov ako vstupný prvok |
encyklopédie české |
| Zdroj hesla alebo termínu |
SNK |
| 958 ## - Formálny deskriptor |
| Formálny deskriptor |
A |